000 00470nam a22001697a 4500
005 20251108165845.0
008 250721s1979 xx 000 0 ara d
082 1 4 _aط/641/جوا
100 1 _aالبخاري، جواد
245 1 0 _aطعامك /
264 1 _aعمان :
_bالجمعية العلميه الملكيه،
_c1979.
300 _a34ص : مص
650 1 7 _aالطعام
700 1 _aالعيسى، إسماعيل
942 _2ddc
_cBK
999 _c33099
_d33099